Les champions de l'expansion : Une race de dirigeants
שמור ב:
| מחבר ראשי: | |
|---|---|
| פורמט: | ספר |
| שפה: | Undetermined |
| יצא לאור: |
Paris
Cercle du Livre Économique
1969
|
| נושאים: | |
| תגים: |
הוספת תג
אין תגיות, היה/י הראשונ/ה לתייג את הרשומה!
|
| Thư viện lưu trữ: | Trung tâm Học liệu Trường Đại học Cần Thơ |
|---|
| LEADER | 00530nam a2200193Ia 4500 | ||
|---|---|---|---|
| 001 | CTU_78917 | ||
| 008 | 210402s9999 xx 000 0 und d | ||
| 082 | |a 334 | ||
| 082 | |b R859 | ||
| 100 | |a Roulleau, J ean-Pol | ||
| 245 | 0 | |a Les champions de l'expansion : | |
| 245 | 0 | |b Une race de dirigeants | |
| 245 | 0 | |c Jean-Pol Roulleau | |
| 260 | |a Paris | ||
| 260 | |b Cercle du Livre Économique | ||
| 260 | |c 1969 | ||
| 650 | |a Industrial management | ||
| 650 | |z France | ||
| 980 | |a Trung tâm Học liệu Trường Đại học Cần Thơ | ||